00000000nam 2200000zi 4500
0019.955340
003CaOODSP
00520251007130607
006m     o  d f      
007cr bn|||||||||
008250915e199602##abcdb   ob   f000 0 eng d
020 |a0662248287|qprint
040 |aCaOODSP|beng|erda|cCaOODSP
043 |an-cn-ab
0861 |aR71-49/3-107E-PDF|zR71-49/3-107E
1001 |aDonald, David B., |eauthor.
24510|aIndicators of ecosystem integrity : |bPeace-Athabasca delta / |cprepared for the Northern River Basins Study under project 5212-D1 by David B. Donald, Frederick J. Wrona, William F. Warwick, William Aitken, Fraser G. Hunter, Jim Syrgiannis.
264 1|aEdmonton, Alberta : |bNorthern River Basins Study, |cFebruary 1996.
264 4|c©1996
300 |a1 online resource (iv, 56 pages) : |bcharts, maps.
336 |atext|btxt|2rdacontent
337 |acomputer|bc|2rdamedia
338 |aonline resource|bcr|2rdacarrier
4901 |aNorthern River Basins Study project report, |y1192-3571 ; |vno. 107
500 |aDigitized edition from print [produced by Environment and Climate Change Canada].
504 |aIncludes bibliographical references.
520 |a"Indicators of aquatic ecosystem integrity were identified for the Peace-Athabasca Delta of northeastern Alberta. Eighty percent of the Peace-Athabasca Delta is within Wood Buffalo National Park. About 10% of the Delta includes Chipewyan Indian Reserve 201 with the remaining land under provincial (Alberta) jurisdiction. The Indicators were developed from historical data and from a 1994 limnological survey of Mamawi and Claire lakes"--Report summary.
530 |aIssued also in print format.
650 0|aAquatic ecology|zAlberta|zPeace-Athabasca Delta.
650 0|aFreshwater ecology|zAlberta|zPeace-Athabasca Delta.
650 0|aEnvironmental monitoring|zAlberta|zPeace-Athabasca Delta.
650 6|aÉcologie des eaux|zAlberta|zPaix-Athabasca, Delta.
650 6|aÉcologie d'eau douce|zAlberta|zPaix-Athabasca, Delta.
650 6|aEnvironnement|xSurveillance|zAlberta|zPaix-Athabasca, Delta.
7102 |aNorthern River Basins Study (Canada)‏, |eissuing body.
7760#|tIndicators of ecosystem integrity: Peace-Athabasca delta / |w(CaOODSP)9.613174
830#0|aNorthern River Basins Study project report ;|vno. 107.|w(CaOODSP)9.883506
85640|qPDF|s10,100 KB|uhttps://publications.gc.ca/collections/collection_2025/eccc/r71/R71-49-3-107-eng.pdf